02489nam a2200253 i 4500003000900000005001700009007000300026008004100029020001800070040003000088041000800118082001800126100004800144245016500192250002200357264005600379300004300435336002700478337003300505338002800538500006500566520156400631700004002195DO-SdBNP20250812114656.0ta250812b2025 dr a|||| |||| 00| 0 spa d a9789945294422 aDO-SdBNPbspacBNPHUerda aspa axxxbL793222 aLluberes gautreaux, Roberto C.eautor4aut.10aDescubriendo el arte de la enología : buna guía completa para entender y disfrutar del vino /cRoberto C. Lluberes Gautreaux ; prólogo, Cándida Díaz  aPrimera edición 4aSanto Domingo : b[editor no identificado], c2025. a77 Páginas : bilustracionesc23 cm. atextobtxt2rdacontent asin mediaciónbn2rdamedia avolumenbnc2rdacarrier aIncluye datos biografícos del autor en la contracubierta.  aDescubriendo el Arte de la Enología: Una Guía Completa para Entender y Disfrutar del Vino Por Dr. Roberto C. Lluberes Gautreaux Descubriendo el Arte de la Enología es una obra imprescindible para todo amante del vino, desde el principiante curioso hasta el conocedor experimentado. Con un enfoque riguroso, accesible y profundamente apasionado, el Dr. Roberto C. Lluberes Gautreaux nos invita a explorar el universo del vino en toda su riqueza histórica, cultural, científica y sensorial. A través de once capítulos cuidadosamente estructurados, el lector descubrirá los orígenes milenarios del vino, las principales variedades de uva, el proceso técnico de vinificación, la cata profesional, el arte del maridaje, las regiones vinícolas más importantes del mundo, y las tendencias contemporáneas que están transformando la enología en la era del cambio climático y la tecnología. Este libro no solo transmite conocimiento técnico, sino también sensibilidad y respeto por la tradición vinícola. Es una celebración del vino como expresión cultural, como arte líquido y como puente entre la naturaleza y el ser humano. Incluye secciones prácticas sobre el uso de herramientas como el descorchador de dos tiempos y el decantador, así como un glosario enológico y referencias especializadas que convierten esta guía en un recurso completo para el aprendizaje continuo. Ideal para quienes desean apreciar el vino más allá de la copa y comprender su impacto en la historia, la ciencia y la cultura. aDíaz, Cándidaeprologuista4pr.